La mathematique des jeux

Αποθηκεύτηκε σε:
Λεπτομέρειες βιβλιογραφικής εγγραφής
Μορφή: Βιβλίο
Γλώσσα:French
Δημοσίευση: Paris : Pour la Science, [1997]
Σειρά:Bibliotheque Pour la science
Θέματα:
Ετικέτες: Προσθήκη ετικέτας
Δεν υπάρχουν, Καταχωρήστε ετικέτα πρώτοι!

MARC

LEADER 00000nam a2200000 i 4500
001 1/33524
008 060811s1997 fre d
020 |a 2-9029-1876-3 
035 |l 10084971 
040 |a GR-MY-UA  |b gre  |e aacr 
041 0 |a fre 
082 0 |a 519  |2 (22) 
245 1 3 |a La mathematique des jeux 
260 |a Paris :   |b Pour la Science,   |c [1997] 
300 |a 158 σ.;  |c 25 εκ. 
490 1 |a Bibliotheque Pour la Science 
500 |a Άρθρα που δημοσιεύθηκαν μεταξύ 1977 και 1990 
650 0 0 |a Mathematics. 
650 0 0 |a Probabilities. 
650 0 0 |a Applied mathematics. 
830 0 |a Bibliotheque Pour la science 
852 |a INST  |b RHODES  |e 20060811  |h 519 MAT  |p 005400024420  |q 005400024420  |t BK  |y 0 
901 |a BIBL4-2006-2 
909 |a Ρ  |b 126800 
920 |a ΑΝΑΜΟΡΦΩΣΗ  |b ΕΠΕΑΕΚ ΙΙ-ΤΕΠΑΕΣ  |y ΡΟΔΟΣ  |z 2006-06 
970 |a ΚΟΖΑ  |b ΜΑΡΙΑ  |z 2006/08/11